Kostel sv. Klimenta na Levém Hradci /

Hlavní autor: Tomková, Kateřina, 1963-
Korporativní autor: Roztoky (Praha-západ, Česko)
Další autoři: Bubeníček, Petr M., Dobošová, Zlatica, 1946-, Vlk, Miloslav, 1948-, Vojtěchovská, Ivana, 1950-2017, Všetečková, Zuzana, 1949-, Boloňský, Stanislav, 1948-
Jazyk: Čeština
Vydáno: [Roztoky] : Město Roztoky, 2016
Vydání: Druhé, doplněné vydání
Témata:
Fyzický popis: 63 stran : ilustrace (převážně barevné), portréty, plány ; 21 cm
Language note: České, anglické, německé a polské resumé
Knihy
Uloženo v:
LEADER 03399nam a2200769 i 4500
001 nkc20162803213
003 CZ PrNK
005 20160930075934.0
007 ta
008 160608s2016 xr ace e f 000 0 cze
015 |a cnb002803213 
020 |a 978-80-7195-901-4  |q (Karmelitánské nakladatelství ;  |q brožováno) 
035 |a (OCoLC)960190044 
040 |a OLA001  |b cze  |e rda 
041 0 |a cze  |b cze  |b eng  |b ger  |b pol 
043 |a e-xr--- 
045 |a r-y- 
072 7 |a 72  |x Architektura  |2 Konspekt  |9 21 
080 |a 726.54:272  |2 MRF 
080 |a 72/76.05  |2 MRF 
080 |a 75.033.5  |2 MRF 
080 |a 75.052.021.333  |2 MRF 
080 |a 94(437.312)  |2 MRF 
080 |a (036)  |2 MRF 
100 1 |a Tomková, Kateřina,  |d 1963-  |7 xx0000993  |4 aut 
245 1 0 |a Kostel sv. Klimenta na Levém Hradci /  |c Kateřina Tomková, Petr M. Bubeníček, Zlatica Dobošová, Miloslav Vlk, Ivana Vojtěchovská, Zuzana Všetečková ; fotografie Stanislav Boloňský 
250 |a Druhé, doplněné vydání 
264 1 |a [Roztoky] :  |b Město Roztoky,  |c 2016 
300 |a 63 stran :  |b ilustrace (převážně barevné), portréty, plány ;  |c 21 cm 
336 |a text  |b txt  |2 rdacontent 
337 |a bez média  |b n  |2 rdamedia 
338 |a svazek  |b nc  |2 rdacarrier 
500 |a Pro Město Roztoky vydalo Karmelitánské nakladatelství v Kostelním Vydří ve spolupráci se Středočeským muzeem v Roztokách u Prahy, Ústavem dějin a umění AV ČR a Archeologickým ústavem AV ČR 
500 |a 2500 výtisků 
504 |a Obsahuje bibliografii 
546 |a České, anglické, německé a polské resumé 
610 2 7 |a Kostel sv. Klimenta (Levý Hradec, Česko)  |7 kn20050503047  |2 czenas 
648 7 |a 14. století  |7 ch460552  |2 czenas 
648 7 |a 14.-21. století  |7 ch757053  |2 czenas 
650 0 7 |a katolické kostely  |7 ph114895  |z Česko  |y 14.-21. století  |2 czenas 
650 0 7 |a umělecká výzdoba  |7 ph136757  |z Česko  |2 czenas 
650 0 7 |a gotické malířství  |7 ph120584  |z Česko  |2 czenas 
650 0 7 |a fresky  |7 ph135157  |z Česko  |y 14. století  |2 czenas 
650 0 9 |a Catholic churches  |z Czechia  |y 14th-21st centuries  |2 eczenas 
650 0 9 |a artistic decoration  |z Czechia  |2 eczenas 
650 0 9 |a gothic painting  |z Czechia  |2 eczenas 
650 0 9 |a fresco painting  |z Czechia  |y 14th century  |2 eczenas 
651 7 |a Levý Hradec (Česko)  |7 ge134320  |x dějiny  |2 czenas 
651 9 |a Levý Hradec (Czechia)  |x history  |2 eczenas 
655 7 |a informační publikace  |7 fd132454  |2 czenas 
655 9 |a information publications  |2 eczenas 
700 1 |a Bubeníček, Petr M.  |4 aut 
700 1 |a Dobošová, Zlatica,  |d 1946-  |7 xx0002979  |4 aut 
700 1 |a Vlk, Miloslav,  |d 1948-  |7 jx20040413046  |4 aut 
700 1 |a Vojtěchovská, Ivana,  |d 1950-2017  |7 xx0066812  |4 aut 
700 1 |a Všetečková, Zuzana,  |d 1949-  |7 jn20001227088  |4 aut 
700 1 |a Boloňský, Stanislav,  |d 1948-  |7 jn20010712001  |4 pht 
710 1 |a Roztoky (Praha-západ, Česko)  |7 ge128564  |4 isb 
910 2 |a BOA001  |b 2-1371.987 
928 9 |a Akademie věd České republiky, Archeologický ústav 
928 9 |a Akademie věd České republiky, Ústav dějin umění 
928 9 |a Karmelitánské nakladatelství 
928 9 |a Středočeské muzeum v Roztokách u Prahy 
990 |a BK 
995 |a 01 
991 |b 201609  |c NOV 
996 6 |b 2610680940  |c 2-1371.987  |l MZK  |r Sklad / do 1 hodiny  |n 1  |p p.v.  |w 001577927  |u 000010  |a 1  |e BOA001  |j MZK50  |s P